| 000 | 00665cam a2200193ua 4500 | ||
|---|---|---|---|
| 001 | 000004726 | ||
| 005 | 20200929151506.0 | ||
| 008 | 810403s1954 sp 000 | spa | ||
| 040 |
_aDO-SdBNP _bspa _cBNPHU |
||
| 082 |
_a843.4 _bF332a |
||
| 100 | 1 |
_aFenelón, François de Salignac de La Mothe, _d1651-1715. _913750 |
|
| 245 | 1 | 0 |
_aAventuras de Telémaco : _bhijo de Ulises / _cFenelón; traducción y prólogo de Manuel Sacristán Luzón. |
| 260 |
_aBarcelona, España : _bFama, _c1954. |
||
| 300 |
_a404 p. ; _c16 cm. |
||
| 650 | 4 |
_aNovela francesa _91075 |
|
| 650 | 4 |
_aLiteratura francesa _91074 |
|
| 700 | 1 |
_aSacristán Luzón, Manuel, _etr. _913751 |
|
| 049 | _aBNGR | ||
| 999 |
_c4532 _d4532 |
||